|
|
|
|
| LEADER |
00000nam0a2200000 4500 |
| 001 |
261703 |
| 005 |
20231101233604.0 |
| 035 |
|
|
|a (RuTPU)RU\TPU\book\284684
|
| 090 |
|
|
|a 261703
|
| 100 |
|
|
|a 20140526d1979 k y0rusy50 ca
|
| 101 |
1 |
|
|a rus
|c eng
|
| 102 |
|
|
|a RU
|
| 105 |
|
|
|a a z 001zy
|
| 200 |
1 |
|
|a Перегрев кипящих жидкостей
|e пер. с англ.
|f Н. Афган
|
| 210 |
|
|
|a Москва
|c Энергия
|d 1979
|
| 215 |
|
|
|a 80 с.
|c ил.
|
| 320 |
|
|
|a Библиогр.: с. 76-78.
|
| 606 |
1 |
|
|a Теплопередача при кипении
|2 stltpush
|3 (RuTPU)RU\TPU\subj\59790
|9 77288
|
| 610 |
1 |
|
|a процессы
|
| 610 |
1 |
|
|a перегрев
|
| 610 |
1 |
|
|a динамическая градуировка
|
| 610 |
1 |
|
|a методика
|
| 610 |
1 |
|
|a исследование
|
| 610 |
1 |
|
|a кипение
|
| 675 |
|
|
|a 536.248
|v 3
|
| 700 |
|
1 |
|a Афган
|b Н.
|
| 801 |
|
1 |
|a RU
|b 63413507
|c 20140526
|
| 801 |
|
2 |
|a RU
|b 63413507
|c 20150917
|g RCR
|
| 942 |
|
|
|c BK
|